LIBRARY ONLINE CATALOGUE

Introduction to Penology: (Record no. 19354)

MARC details
000 -LEADER
fixed length control field 00466nam a22001577a 4500
008 - FIXED-LENGTH DATA ELEMENTS--GENERAL INFORMATION
fixed length control field 220617b |||||||| |||| 00| 0 eng d
020 ## - INTERNATIONAL STANDARD BOOK NUMBER
International Standard Book Number 9966262684
050 ## - LIBRARY OF CONGRESS CALL NUMBER
Classification number HV6018
Item number .N45 2022
100 ## - MAIN ENTRY--PERSONAL NAME
Personal name Ndikaru Wa Teresia
245 ## - TITLE STATEMENT
Title Introduction to Penology:
Remainder of title Drop the Gun or Pick a Room/
Statement of responsibility, etc. Ndikaru Wa Teresia
260 ## - PUBLICATION, DISTRIBUTION, ETC. (IMPRINT)
Place of publication, distribution, etc. Eldoret, Kenya
Name of publisher, distributor, etc. Utafiti Foundation
Date of publication, distribution, etc. 2022
300 ## - PHYSICAL DESCRIPTION
Extent viii, 306p.
650 ## - SUBJECT ADDED ENTRY--TOPICAL TERM
Topical term or geographic name as entry element Penology
650 ## - SUBJECT ADDED ENTRY--TOPICAL TERM
Topical term or geographic name as entry element Crime prevention
942 ## - ADDED ENTRY ELEMENTS (KOHA)
Source of classification or shelving scheme Library of Congress Classification
Koha item type General Collection
Holdings
Withdrawn status Lost status Source of classification or shelving scheme Not for loan Home library Current library Date acquired Total Checkouts Total Renewals Full call number Barcode Date last seen Date last checked out Price effective from Koha item type
    Library of Congress Classification   Kabarak, Main Campus Kabarak, Main Campus 17/06/2022 2 1 HV6018 .N45 2022 c.1 031849 25/02/2025 23/01/2025 17/06/2022 General Collection
    Library of Congress Classification   Kabarak, Main Campus Kabarak, Main Campus 17/06/2022     HV6018 .N45 2022 c.2 031850 17/06/2022   17/06/2022 General Collection
    Library of Congress Classification   Kabarak, Main Campus Kabarak, Main Campus 17/06/2022     HV6018 .N45 2022 c.3 031851 17/06/2022   17/06/2022 General Collection
    Library of Congress Classification   Kabarak, Main Campus Kabarak, Main Campus 17/06/2022     HV6018 .N45 2022 c.4 031852 17/06/2022   17/06/2022 General Collection
    Library of Congress Classification   Kabarak, Main Campus Kabarak, Main Campus 17/06/2022     HV6018 .N45 2022 c.5 031853 17/06/2022   17/06/2022 General Collection
    Library of Congress Classification   Kabarak, Main Campus Kabarak, Main Campus 17/06/2022     HV6018 .N45 2022 c.6 031854 17/06/2022   17/06/2022 General Collection
    Library of Congress Classification   Kabarak, Main Campus Kabarak, Main Campus 17/06/2022 1   HV6018 .N45 2022 c.7 031855 10/07/2023 07/07/2023 17/06/2022 General Collection
    Library of Congress Classification   Kabarak, Main Campus Kabarak, Main Campus 17/06/2022 1   HV6018 .N45 2022 c.8 031856 20/07/2023 08/07/2023 17/06/2022 General Collection
    Library of Congress Classification   Kabarak, Main Campus Kabarak, Main Campus 17/06/2022     HV6018 .N45 2022 c.9 031857 17/06/2022   17/06/2022 General Collection
    Library of Congress Classification   Kabarak, Main Campus Kabarak, Main Campus 17/06/2022     HV6018 .N45 2022 c.10 031858 17/06/2022   17/06/2022 General Collection